[Event "WchT Seniors 50"]
[Site "Prague"]
[Date "2025.02.24"]
[Round "7.2"]
[White "Jirovsky, Milos"]
[Black "Ning, Chunhong"]
[Result "0-1"]
[WhiteElo "2410"]
[BlackElo "2257"]
[PlyCount "88"]
[EventDate "2025.02.17"]
[EventType "team-swiss"]
[EventRounds "9"]
[EventCountry "CZE"]
[SourceTitle "CB09_2025"]
[SourceDate "2025.02.27"]
[SourceVersion "1"]
[SourceVersionDate "2025.02.27"]
[SourceQuality "1"]
[WhiteTeam "Czech Republic 50"]
[BlackTeam "China (W) 50"]
[WhiteTeamCountry "CZE"]
[BlackTeamCountry "CHN"]

1. Nf3 d5 2. d4 e6 3. Bf4 Nf6 4. e3 Be7 5. h3 0-0 6. Nbd2 b6 7. Bd3 Bb7 8. 0-0 Nbd7 9. c3 Ne4 10. Qc2 f5 11. Rad1 Bd6 12. Rfe1 Qe7 13. Re2 Rac8 14. Qa4 a6 15. Ne5 Bxe5 16. Bxe5 Nxe5 17. dxe5 b5 18. Qa5 Nxd2 19. Rexd2 f4 20. exf4 Rxf4 21. b3 Qg5 22. Bf1 Qxe5 23. Re2 Qd6 24. Rde1 Rf6 25. Re5 Rcf8 26. R1e2 Rxf2 27. Rxf2 Rxf2 28. Kxf2 Qxe5 29. a4 Qf4+ 30. Kg1 bxa4 31. Bxa6 Bxa6 32. Qxa6 axb3 33. Qxe6+ Kf8 34. Qxd5 Qc1+ 35. Kh2 Qxc3 36. Qd8+ Kf7 37. Qd7+ Kf6 38. Qd8+ Kf5 39. Qd7+ Ke4 40. Qg4+ Ke3 41. Qg5+ Ke2 42. Qh5+ Kd2 43. Qxh7 Qe5+ 44. Kh1 b2 0-1

[Event "WchT Seniors 50"]
[Site "Prague"]
[Date "2025.02.19"]
[Round "3.2"]
[White "Rasalingam, Haran Tobias"]
[Black "Jirovsky, Milos"]
[Result "1/2-1/2"]
[WhiteElo "2014"]
[BlackElo "2410"]
[PlyCount "105"]
[EventDate "2025.02.17"]
[EventType "team-swiss"]
[EventRounds "9"]
[EventCountry "CZE"]
[SourceTitle "CB09_2025"]
[SourceDate "2025.02.27"]
[SourceVersion "1"]
[SourceVersionDate "2025.02.27"]
[SourceQuality "1"]
[WhiteTeam "England 50 III"]
[BlackTeam "Czech Republic 50"]
[WhiteTeamCountry "ENG"]
[BlackTeamCountry "CZE"]

1. e4 d5 2. exd5 Qxd5 3. Nc3 Qd6 4. d4 c6 5. Nf3 Bf5 6. Ne5 Nd7 7. g4 Nxe5 8. gxf5 Qxd4 9. Be3 Qxd1+ 10. Rxd1 Nf6 11. Be2 g6 12. Bd4 Ned7 13. fxg6 hxg6 14. Ne4 Bg7 15. Bf3 Rh4 16. 0-0 Nxe4 17. Bxe4 Rxe4 18. Bxg7 f6 19. Bh6 g5 20. f4 g4 21. Rfe1 Nc5 22. f5 Rd8 23. Rxd8+ Kxd8 24. Rxe4 Nxe4 25. Bf4 Kd7 26. Kf1 Nd6 27. Ke2 Nxf5 28. Kd3 e5 29. Bd2 Ke6 30. c4 Nd4 31. b4 Nf3 32. Be3 b6 33. a4 f5 34. a5 f4 35. Bxb6 a6 36. b5 Kd7 37. bxa6 Kc8 38. Ke4 Nxh2 39. Kxe5 f3 40. Kf4 Kb8 41. Kg3 Nf1+ 42. Kxg4 Nd2 43. Kg3 Ka8 44. Kf2 Kb8 45. Ke3 Nxc4+ 46. Kxf3 Nxa5 47. Bxa5 Ka7 48. Ke4 Kxa6 49. Bc3 c5 50. Kd5 Kb5 51. Bd2 c4 52. Kd4 c3 53. Bxc3 1/2-1/2

[Event "WchT Seniors 50"]
[Site "Prague"]
[Date "2025.02.18"]
[Round "2.2"]
[White "Schulenburg, Bernd"]
[Black "Jirovsky, Milos"]
[Result "1-0"]
[WhiteElo "2144"]
[BlackElo "2410"]
[PlyCount "59"]
[EventDate "2025.02.17"]
[EventType "team-swiss"]
[EventRounds "9"]
[EventCountry "CZE"]
[SourceTitle "CB09_2025"]
[SourceDate "2025.02.27"]
[SourceVersion "1"]
[SourceVersionDate "2025.02.27"]
[SourceQuality "1"]
[WhiteTeam "Magdeburg TU 50"]
[BlackTeam "Czech Republic 50"]
[WhiteTeamCountry "GER"]
[BlackTeamCountry "CZE"]

1. e4 c5 2. Nf3 Nc6 3. Bb5 g6 4. 0-0 Bg7 5. Re1 Nf6 6. h3 0-0 7. c3 Qb6 8. Na3 a6 9. Bxc6 Qxc6 10. d4 cxd4 11. cxd4 d5 12. e5 Ne4 13. Ng5 b5 14. Nxe4 dxe4 15. d5 Qc5 16. Be3 Qb4 17. Nc2 Qc4 18. Bf4 Bb7 19. Ne3 Qb4 20. Re2 Rac8 21. a3 Qa5 22. Rc1 f6 23. Rxc8 Rxc8 24. d6 fxe5 25. Nd5 Qd8 26. Nxe7+ Kh8 27. Bg5 Qd7 28. Nxc8 Bxc8 29. Rc2 Qe8 30. Rxc8 1-0

[Event "CZE-ch"]
[Site "Ostrava"]
[Date "2024.05.04"]
[Round "8"]
[White "Nemec, Jachym"]
[Black "Jirovsky, Milos"]
[Result "1-0"]
[WhiteElo "2416"]
[BlackElo "2450"]
[PlyCount "81"]
[EventDate "2024.04.27"]
[EventType "tourn"]
[EventRounds "9"]
[EventCountry "CZE"]
[EventCategory "9"]
[SourceTitle "CBM 220 Extra"]
[Source "ChessBase"]
[SourceDate "2024.07.31"]
[SourceVersion "1"]
[SourceVersionDate "2024.07.31"]
[SourceQuality "1"]

1. Nf3 d5 2. g3 Nf6 3. Bg2 Bg4 4. 0-0 Nbd7 5. d3 e5 6. h3 Bxf3 7. Bxf3 c6 8. Bg2 Bc5 9. Nd2 0-0 10. c4 dxc4 11. Nxc4 Re8 12. Qc2 Qe7 13. e3 Nb6 14. b3 Nxc4 15. bxc4 Rad8 16. Rb1 Rd6 17. Rd1 h5 18. Bb2 Qd7 19. Qe2 Qf5 20. Bc3 Re7 21. Rd2 Qg6 22. Rbd1 b5 23. cxb5 cxb5 24. Rc2 Nd7 25. h4 f5 26. Bb2 Qf7 27. Rdc1 Bb4 28. Rc8+ Kh7 29. a3 Ba5 30. R1c6 Nb6 31. Rxd6 Nxc8 32. Rd5 Qe8 33. d4 a6 34. Rxe5 Rxe5 35. dxe5 Nb6 36. Bd4 Nc4 37. f4 g6 38. e4 Qd8 39. Bf2 Bb6 40. exf5 Bxf2+ 41. Qxf2 1-0

[Event "CZE-ch"]
[Site "Ostrava"]
[Date "2024.04.29"]
[Round "3"]
[White "Jirovsky, Milos"]
[Black "Stocek, Jiri"]
[Result "1-0"]
[WhiteElo "2450"]
[BlackElo "2531"]
[PlyCount "83"]
[EventDate "2024.04.27"]
[EventType "tourn"]
[EventRounds "9"]
[EventCountry "CZE"]
[EventCategory "9"]
[SourceTitle "CBM 220 Extra"]
[Source "ChessBase"]
[SourceDate "2024.07.31"]
[SourceVersion "1"]
[SourceVersionDate "2024.07.31"]
[SourceQuality "1"]

1. Nf3 d5 2. d4 Nf6 3. c4 dxc4 4. e3 e6 5. Bxc4 a6 6. 0-0 Nbd7 7. b3 b5 8. Be2 Bb7 9. a4 b4 10. Bb2 c5 11. Nbd2 Be7 12. Rc1 0-0 13. Rc2 Rc8 14. Qa1 cxd4 15. Rxc8 Qxc8 16. Bxd4 Qa8 17. Rc1 Rc8 18. Bc4 h6 19. Rc2 Bd6 20. Qc1 Ne4 21. Nxe4 Bxe4 22. Bd3 Rxc2 23. Qxc2 Bxf3 24. gxf3 Be5 25. Bh7+ Kh8 26. Be4 Qb8 27. Qc6 Qd8 28. Bxe5 Nxe5 29. Qxa6 Qd1+ 30. Kg2 f5 31. Qc8+ Kh7 32. Bxf5+ exf5 33. Qxf5+ Ng6 34. h4 Kg8 35. Qxg6 Qxb3 36. a5 Qa4 37. Qe6+ Kf8 38. Qc8+ Kf7 39. Qc4+ Ke7 40. a6 Kd6 41. Qd4+ Kc6 42. Qxg7 1-0

[Event "CZE-chT 2324"]
[Site "Czech Republic"]
[Date "2024.02.11"]
[Round "8.6"]
[White "Kraus, Tomas"]
[Black "Jirovsky, Milos"]
[Result "1/2-1/2"]
[WhiteElo "2491"]
[BlackElo "2460"]
[PlyCount "28"]
[EventDate "2023.10.14"]
[EventType "team-tourn"]
[EventRounds "11"]
[EventCountry "CZE"]
[SourceTitle "EXT 2025"]
[Source "ChessBase"]
[SourceDate "2024.10.14"]
[SourceVersion "1"]
[SourceVersionDate "2024.10.14"]
[SourceQuality "1"]
[WhiteTeam "Lysa nad Labem"]
[BlackTeam "Pardubice"]
[WhiteTeamCountry "CZE"]
[BlackTeamCountry "CZE"]

1. e4 c5 2. Nf3 Nc6 3. c3 d5 4. exd5 Qxd5 5. d4 Nf6 6. dxc5 Qxc5 7. Na3 e5 8. Nb5 Qe7 9. Be3 Ng4 10. Qa4 Nxe3 11. fxe3 g6 12. Rd1 Bh6 13. Nd6+ Kf8 14. Bb5 e4 1/2-1/2

[Event "CZE-chT1W 2324"]
[Site "Czech Republic"]
[Date "2024.01.21"]
[Round "6.1"]
[White "Kraus, Tomas"]
[Black "Jirovsky, Milos"]
[Result "1/2-1/2"]
[WhiteElo "2491"]
[BlackElo "2460"]
[PlyCount "26"]
[EventDate "2023.10.29"]
[EventType "team-tourn"]
[EventRounds "11"]
[EventCountry "CZE"]
[SourceTitle "EXT 2025"]
[Source "ChessBase"]
[SourceDate "2024.10.14"]
[SourceVersion "1"]
[SourceVersionDate "2024.10.14"]
[SourceQuality "1"]
[WhiteTeam "Lysa nad Labem II"]
[BlackTeam "Pankrac"]
[WhiteTeamCountry "CZE"]
[BlackTeamCountry "CZE"]

1. e4 c5 2. Nf3 Nc6 3. Bb5 g6 4. Bxc6 bxc6 5. d4 cxd4 6. Qxd4 f6 7. 0-0 Nh6 8. c4 Nf7 9. Nc3 Bg7 10. c5 0-0 11. Rd1 Qc7 12. Qa4 Rb8 13. b3 a5 1/2-1/2

[Event "CZE-chT1W 2324"]
[Site "Czech Republic"]
[Date "2024.01.07"]
[Round "5.1"]
[White "Haba, Petr"]
[Black "Jirovsky, Milos"]
[Result "1/2-1/2"]
[WhiteElo "2445"]
[BlackElo "2460"]
[PlyCount "20"]
[EventDate "2023.10.29"]
[EventType "team-tourn"]
[EventRounds "11"]
[EventCountry "CZE"]
[SourceTitle "EXT 2025"]
[Source "ChessBase"]
[SourceDate "2024.10.14"]
[SourceVersion "1"]
[SourceVersionDate "2024.10.14"]
[SourceQuality "1"]
[WhiteTeam "Neratovice"]
[BlackTeam "Pankrac"]
[WhiteTeamCountry "CZE"]
[BlackTeamCountry "CZE"]

1. d4 d5 2. c4 e6 3. Nf3 Nf6 4. g3 Bb4+ 5. Nbd2 Nc6 6. Qc2 dxc4 7. Qxc4 Qd5 8. Qxd5 exd5 9. a3 Bd6 10. b4 Bf5 1/2-1/2

[Event "CZE-chT 2324"]
[Site "Czech Republic"]
[Date "2023.12.16"]
[Round "3.1"]
[White "Jirovsky, Milos"]
[Black "Gnojek, Petr"]
[Result "1/2-1/2"]
[WhiteElo "2460"]
[BlackElo "2360"]
[PlyCount "53"]
[EventDate "2023.10.14"]
[EventType "team-tourn"]
[EventRounds "11"]
[EventCountry "CZE"]
[SourceTitle "EXT 2025"]
[Source "ChessBase"]
[SourceDate "2024.10.14"]
[SourceVersion "1"]
[SourceVersionDate "2024.10.14"]
[SourceQuality "1"]
[WhiteTeam "Pardubice"]
[BlackTeam "Frydek Mistek"]
[WhiteTeamCountry "CZE"]
[BlackTeamCountry "CZE"]

1. Nf3 c5 2. e3 g6 3. d4 Bg7 4. Be2 Nf6 5. 0-0 0-0 6. c4 cxd4 7. exd4 d5 8. Nc3 Nc6 9. h3 dxc4 10. Bxc4 Na5 11. Be2 Be6 12. Bg5 Rc8 13. Qd2 Nc6 14. Rac1 Qa5 15. Bh6 Rfd8 16. Bxg7 Kxg7 17. Rfd1 Rd6 18. Bb5 Rcd8 19. Bxc6 Rxc6 20. Qe3 Qb4 21. Rc2 Nd5 22. Qe5+ f6 23. Qe1 Nf4 24. Qe3 Bf5 25. Rcd2 Nd5 26. Nxd5 Rxd5 27. a3 1/2-1/2

[Event "CZE-chT 2324"]
[Site "Czech Republic"]
[Date "2023.10.15"]
[Round "2.6"]
[White "Jirovsky, Milos"]
[Black "Petrova, Kristyna"]
[Result "1-0"]
[WhiteElo "2460"]
[BlackElo "2212"]
[PlyCount "65"]
[EventDate "2023.10.14"]
[EventType "team-tourn"]
[EventRounds "11"]
[EventCountry "CZE"]
[SourceTitle "CBM 216 Extra"]
[Source "ChessBase"]
[SourceDate "2023.11.30"]
[SourceVersion "1"]
[SourceVersionDate "2023.11.30"]
[SourceQuality "1"]
[WhiteTeam "Pardubice"]
[BlackTeam "Ingem Line"]
[WhiteTeamCountry "CZE"]
[BlackTeamCountry "CZE"]

1. c4 c5 2. Nf3 Nc6 3. g3 e5 4. Nc3 g6 5. Bg2 Bg7 6. d3 d6 7. Nd2 Nge7 8. Nf1 Be6 9. Ne3 Qd7 10. h4 h6 11. Rb1 f5 12. Ned5 0-0 13. f4 h5 14. a3 Bf7 15. 0-0 Rae8 16. Qa4 a6 17. e3 Nxd5 18. Nxd5 exf4 19. Nxf4 Rb8 20. b4 Be5 21. Bd2 Qe8 22. Rfe1 cxb4 23. axb4 Ne7 24. Qa3 Qd7 25. Bc3 Rfe8 26. b5 Qc7 27. Kh2 Bxc3 28. Qxc3 Qc5 29. Qf6 Qe5 30. Qg5 Kh7 31. bxa6 bxa6 32. Rxb8 Rxb8 33. d4 1-0

[Event "Usti nad Labem rapid op"]
[Site "Usti nad Labem"]
[Date "2023.05.06"]
[Round "7"]
[White "Jirovsky, Milos"]
[Black "Petr, Martin"]
[Result "1/2-1/2"]
[WhiteElo "2489"]
[BlackElo "2496"]
[PlyCount "39"]
[EventDate "2023.05.06"]
[EventType "swiss (rapid)"]
[EventRounds "7"]
[EventCountry "CZE"]
[SourceTitle "CBM 214 Extra"]
[Source "ChessBase"]
[SourceDate "2023.07.31"]
[SourceVersion "1"]
[SourceVersionDate "2023.07.31"]
[SourceQuality "1"]

1. Nf3 Nf6 2. c4 g6 3. g3 c6 4. b3 Bg7 5. Bb2 0-0 6. Bg2 d5 7. 0-0 a5 8. a3 Bg4 9. d3 Bxf3 10. Bxf3 e6 11. Nd2 Ne8 12. Qc2 Bxb2 13. Qxb2 Qf6 14. d4 Nd7 15. Bg2 Nd6 16. Rab1 a4 17. e3 axb3 18. Qxb3 b5 19. cxb5 cxb5 20. e4 1/2-1/2

[Event "Usti nad Labem rapid op"]
[Site "Usti nad Labem"]
[Date "2023.05.06"]
[Round "4"]
[White "Rubes, Jan"]
[Black "Jirovsky, Milos"]
[Result "1-0"]
[WhiteElo "2354"]
[BlackElo "2489"]
[PlyCount "107"]
[EventDate "2023.05.06"]
[EventType "swiss (rapid)"]
[EventRounds "7"]
[EventCountry "CZE"]
[SourceTitle "CBM 214 Extra"]
[Source "ChessBase"]
[SourceDate "2023.07.31"]
[SourceVersion "1"]
[SourceVersionDate "2023.07.31"]
[SourceQuality "1"]

1. d4 d5 2. c4 e6 3. Nf3 Nf6 4. Nc3 Nbd7 5. cxd5 exd5 6. Bg5 Bb4 7. e3 c5 8. Be2 Qa5 9. 0-0 c4 10. Qc2 Bxc3 11. Qxc3 Qxc3 12. bxc3 Ne4 13. Rfc1 Nb6 14. a4 Bd7 15. Bd1 f6 16. Bf4 Bc6 17. h4 Kd7 18. a5 Nc8 19. Ne1 Re8 20. Bg4+ Ke7 21. Bf5 Kf7 22. Bxh7 g6 23. h5 gxh5 24. Bxe4 Rxe4 25. Nc2 Ne7 26. Nb4 Rd8 27. f3 Re6 28. Kf2 Be8 29. Rh1 Kg7 30. g4 hxg4 31. Rag1 Bg6 32. Rxg4 Kf7 33. Rhg1 f5 34. Rh4 Nc6 35. Nxc6 Rxc6 36. Be5 b5 37. axb6 Rxb6 38. Kg3 Ra8 39. Kf4 a5 40. Rgh1 Rg8 41. Ra1 Ra8 42. Bc7 Rb5 43. Ra4 Rb3 44. Rxa5 Re8 45. Be5 Rxc3 46. Rxd5 Rc1 47. Rc5 c3 48. Rh2 Re7 49. d5 Rd1 50. d6 Rd7 51. Rxc3 Rd5 52. Rc7 Rxc7 53. dxc7 Rc5 54. Rh8 1-0

[Event "CZE-chT 2223"]
[Site "Czech Republic"]
[Date "2023.03.25"]
[Round "10.3"]
[White "Jirovsky, Milos"]
[Black "Simacek, Pavel"]
[Result "1/2-1/2"]
[WhiteElo "2458"]
[BlackElo "2465"]
[PlyCount "69"]
[EventDate "2022.10.15"]
[EventType "team-tourn"]
[EventRounds "11"]
[EventCountry "CZE"]
[SourceTitle "CBM 213 Extra"]
[Source "ChessBase"]
[SourceDate "2023.05.31"]
[SourceVersion "1"]
[SourceVersionDate "2023.05.31"]
[SourceQuality "1"]
[WhiteTeam "Pardubice"]
[BlackTeam "Turnov Zikuda"]
[WhiteTeamCountry "CZE"]
[BlackTeamCountry "CZE"]

1. Nf3 d5 2. d4 Nf6 3. c4 e6 4. e3 c5 5. Nc3 Nc6 6. a3 a6 7. dxc5 Bxc5 8. b4 Ba7 9. Bb2 0-0 10. Be2 dxc4 11. Bxc4 Qc7 12. Qe2 Bd7 13. Rc1 Rac8 14. Bd3 Ne5 15. Nxe5 Qxe5 16. 0-0 Bb8 17. g3 Qd6 18. Rfd1 Qe7 19. Ne4 Nxe4 20. Bxe4 Ba4 21. Rxc8 Rxc8 22. Rd2 Bc6 23. Bxc6 Rxc6 24. Qg4 f6 25. Kg2 Rd6 26. Rc2 Rd8 27. Qc4 Qd7 28. Bd4 Kf7 29. Bb6 Qd5+ 30. Qxd5 Rxd5 31. Rc8 Bd6 32. Bc7 Be7 33. Bb6 Bd6 34. Bc7 Be7 35. Bb6 1/2-1/2

[Event "CZE-chT1W 2223"]
[Site "Czech Republic"]
[Date "2023.03.19"]
[Round "10.1"]
[White "Jirovsky, Milos"]
[Black "Vrana, Jan"]
[Result "1/2-1/2"]
[WhiteElo "2458"]
[BlackElo "2390"]
[PlyCount "47"]
[EventDate "2022.10.09"]
[EventType "team-tourn"]
[EventRounds "11"]
[EventCountry "CZE"]
[SourceTitle "EXT 2024"]
[Source "ChessBase"]
[SourceDate "2023.10.10"]
[SourceVersion "1"]
[SourceVersionDate "2023.10.10"]
[SourceQuality "1"]
[WhiteTeam "Pankrac"]
[BlackTeam "Polabiny II"]
[WhiteTeamCountry "CZE"]
[BlackTeamCountry "CZE"]

1. c4 e6 2. d4 d5 3. Nc3 Nf6 4. cxd5 exd5 5. Bg5 Be7 6. e3 Nbd7 7. Bd3 c6 8. Qc2 0-0 9. Nge2 Re8 10. 0-0 Nf8 11. Rad1 Ng6 12. Ng3 Ng4 13. Bxe7 Qxe7 14. h3 Nf6 15. Rfe1 Be6 16. a3 Rad8 17. Na4 Bc8 18. Nc5 Rd6 19. b4 b6 20. Na4 Ne4 21. Bxe4 dxe4 22. Nc3 f5 23. b5 Bd7 24. Rc1 1/2-1/2

[Event "CZE-chT1W 2223"]
[Site "Czech Republic"]
[Date "2023.01.15"]
[Round "6.1"]
[White "Jirovsky, Milos"]
[Black "Vykouk, Jan"]
[Result "1/2-1/2"]
[WhiteElo "2458"]
[BlackElo "2475"]
[PlyCount "62"]
[EventDate "2022.10.09"]
[EventType "team-tourn"]
[EventRounds "11"]
[EventCountry "CZE"]
[SourceTitle "CBM 213 Extra"]
[Source "ChessBase"]
[SourceDate "2023.05.31"]
[SourceVersion "1"]
[SourceVersionDate "2023.05.31"]
[SourceQuality "1"]
[WhiteTeam "Pankrac"]
[BlackTeam "Neratovice"]
[WhiteTeamCountry "CZE"]
[BlackTeamCountry "CZE"]

1. Nf3 d5 2. g3 Nd7 3. d4 Ngf6 4. c4 e6 5. Nbd2 Be7 6. Bg2 0-0 7. 0-0 c6 8. Qc2 b6 9. Rd1 Ba6 10. b3 Rc8 11. e4 c5 12. exd5 exd5 13. Bb2 Re8 14. Rac1 cxd4 15. Nxd4 Bb4 16. Nf1 b5 17. Ne3 bxc4 18. bxc4 Bxc4 19. Nxc4 Rxc4 20. Qb3 Nc5 21. Qf3 Rxc1 22. Rxc1 Nce4 23. Nc6 Qb6 24. Nxb4 Qxb4 25. Qb3 Qa5 26. Bd4 h6 27. Qb2 Re6 28. Bh3 Re8 29. Bg2 Re6 30. Qb8+ Re8 31. Qb2 Re6 1/2-1/2

[Event "Prague Menchik Memorial Rapid"]
[Site "Prague"]
[Date "2022.06.05"]
[Round "3"]
[White "Jirovsky, Milos"]
[Black "Lnenickova, Gabriela"]
[Result "1-0"]
[WhiteElo "2458"]
[BlackElo "2146"]
[PlyCount "61"]
[EventDate "2022.06.05"]
[EventType "swiss (rapid)"]
[EventRounds "7"]
[EventCountry "CZE"]
[SourceTitle "CBM 208 Extra"]
[Source "ChessBase"]
[SourceDate "2022.07.31"]
[SourceVersion "1"]
[SourceVersionDate "2022.07.31"]
[SourceQuality "1"]

1. Nf3 Nf6 2. c4 g6 3. g3 Bg7 4. Bg2 0-0 5. 0-0 d6 6. d4 Nbd7 7. Qc2 e5 8. Rd1 Qe7 9. Nc3 c6 10. e4 Re8 11. h3 a5 12. Be3 Nf8 13. Rd2 exd4 14. Nxd4 Ne6 15. Re1 Nc5 16. f3 Bd7 17. b3 Rad8 18. Bf2 Bc8 19. f4 Qc7 20. Kh2 Re7 21. Nf3 Nfd7 22. Nd4 Rde8 23. Rde2 Ne6 24. Qd2 Ndc5 25. Rd1 Nxd4 26. Bxd4 Bxd4 27. Qxd4 Rd7 28. Red2 Rdd8 29. e5 Ne6 30. exd6 Qd7 31. Qb6 1-0

[Event "Prague Menchik Memorial Rapid"]
[Site "Prague"]
[Date "2022.06.05"]
[Round "4"]
[White "Kraus, Petr1"]
[Black "Jirovsky, Milos"]
[Result "0-1"]
[WhiteElo "1176"]
[BlackElo "2458"]
[PlyCount "58"]
[EventDate "2022.06.05"]
[EventType "swiss (rapid)"]
[EventRounds "7"]
[EventCountry "CZE"]
[SourceTitle "CBM 208 Extra"]
[Source "ChessBase"]
[SourceDate "2022.07.31"]
[SourceVersion "1"]
[SourceVersionDate "2022.07.31"]
[SourceQuality "1"]

1. c4 e6 2. e4 c5 3. Nc3 Nc6 4. Nf3 d6 5. Be2 g6 6. 0-0 Bg7 7. Qc2 Nge7 8. d3 0-0 9. Bd2 a6 10. Qc1 Re8 11. Re1 Rb8 12. b3 b5 13. cxb5 axb5 14. Rb1 b4 15. Na4 Ba6 16. a3 Qd7 17. Be3 Rec8 18. axb4 Rxb4 19. Qd2 Rcb8 20. Bd1 Rxa4 21. Qc2 Rab4 22. Qa2 Bxd3 23. Bc2 Bxc2 24. Qxc2 Nd4 25. Nxd4 Bxd4 26. Bxd4 Rxd4 27. Red1 Nc6 28. f3 Qb7 29. Rd3 Nb4 0-1

[Event "Prague Menchik Memorial Rapid"]
[Site "Prague"]
[Date "2022.06.05"]
[Round "2"]
[White "Zima, Jan"]
[Black "Jirovsky, Milos"]
[Result "0-1"]
[WhiteElo "2134"]
[BlackElo "2458"]
[PlyCount "108"]
[EventDate "2022.06.05"]
[EventType "swiss (rapid)"]
[EventRounds "7"]
[EventCountry "CZE"]
[SourceTitle "CBM 208 Extra"]
[Source "ChessBase"]
[SourceDate "2022.07.31"]
[SourceVersion "1"]
[SourceVersionDate "2022.07.31"]
[SourceQuality "1"]

1. e4 d5 2. exd5 Qxd5 3. Nc3 Qd6 4. d4 Nf6 5. Bc4 a6 6. Nge2 b5 7. Bb3 Bb7 8. Bf4 Qb6 9. d5 c5 10. dxc6 Nxc6 11. Qd3 e6 12. Qh3 Na5 13. 0-0 Be7 14. Be3 Qc7 15. Qg3 Qxg3 16. hxg3 0-0 17. Rfd1 Rac8 18. Bf4 Nxb3 19. cxb3 Rfd8 20. Rxd8+ Rxd8 21. Rd1 Rxd1+ 22. Nxd1 Nd5 23. Bd2 f6 24. Ne3 Nb4 25. Nc1 Kf7 26. Kf1 e5 27. Ke2 Ke6 28. f3 f5 29. a3 Nd5 30. Kd3 e4+ 31. Ke2 g5 32. Nxd5 Bxd5 33. Bc3 Bd6 34. Kf2 h5 35. b4 Be5 36. Ne2 exf3 37. gxf3 Bxc3 38. bxc3 Ke5 39. Ke3 h4 40. f4+ gxf4+ 41. gxf4+ Kd6 42. Nd4 Be4 43. Kf2 Kd5 44. Nb3 Kc4 45. Nc5 Kxc3 46. Nxe4+ fxe4 47. f5 Kd2 48. f6 e3+ 49. Kg2 e2 50. f7 e1Q 51. f8Q Qg3+ 52. Kf1 h3 53. Qh6+ Kc2 54. Qh7+ Qd3+ 0-1